[Event "Barcelona Sant Marti op 11th"]
[Site "Barcelona"]
[Date "2024.02.29"]
[Round "8"]
[White "Ferrer Ache, Jesus"]
[Black "Olleta Tanya, Jordi"]
[Result "1/2-1/2"]
[WhiteElo "1438"]
[BlackElo "1300"]
[PlyCount "110"]
[EventDate "2024.01.11"]
[EventType "swiss"]
[EventRounds "9"]
[EventCountry "ESP"]
[SourceTitle "CB11_2024"]
[SourceDate "2024.03.13"]
[SourceVersion "1"]
[SourceVersionDate "2024.03.13"]
[SourceQuality "1"]

1. d4 d5 2. Nf3 Nf6 3. Nc3 e6 4. h3 Nc6 5. Bf4 h6 6. e3 a6 7. a3 Bd7 8. Bd3 Bd6 9. Ne2 Bxf4 10. Nxf4 Ne4 11. 0-0 Ne7 12. Ne5 0-0 13. Bxe4 dxe4 14. c4 Be8 15. Qc2 g5 16. Ne2 f5 17. f4 Ng6 18. Rad1 Nxe5 19. dxe5 Qe7 20. Ng3 h5 21. Qe2 g4 22. hxg4 hxg4 23. Kf2 Bg6 24. Rd4 Rad8 25. Rfd1 c5 26. Rd6 Rxd6 27. Rxd6 Rd8 28. Qd2 Rxd6 29. exd6 Qd7 30. Ne2 Be8 31. b4 cxb4 32. Qxb4 b5 33. c5 Qd8 34. Ng3 a5 35. Qd4 Qd7 36. Qe5 b4 37. axb4 axb4 38. Ne2 Qf7 39. Qd4 Qb7 40. Qe5 Qd5 41. Nd4 Qa2+ 42. Ne2 Kf7 43. Qd4 Bb5 44. Qd1 Qd5 45. Qxd5 exd5 46. Nd4 Ba4 47. Ne2 Ke8 48. Ke1 Kd7 49. Kd2 Kc6 50. g3 Kxc5 51. Nd4 Bd7 52. Kc2 Kxd6 53. Kb3 Kc5 54. Ne2 Bb5 55. Nd4 Bd7 1/2-1/2

[Event "Barcelona Sant Marti op 11th"]
[Site "Barcelona"]
[Date "2024.02.01"]
[Round "4"]
[White "Ferrer Ache, Jesus"]
[Black "Coll Granell, Jorge"]
[Result "0-1"]
[WhiteElo "1438"]
[BlackElo "1639"]
[PlyCount "98"]
[EventDate "2024.01.11"]
[EventType "swiss"]
[EventRounds "9"]
[EventCountry "ESP"]
[SourceTitle "CB11_2024"]
[SourceDate "2024.03.13"]
[SourceVersion "1"]
[SourceVersionDate "2024.03.13"]
[SourceQuality "1"]

1. e4 c5 2. c4 Nc6 3. Nc3 g6 4. d3 Bg7 5. Be3 d6 6. Be2 e6 7. Bf3 Nge7 8. Nge2 0-0 9. Ng3 Nd4 10. 0-0 Nec6 11. Rb1 Rb8 12. Be2 a6 13. f4 b5 14. b3 b4 15. Na4 Qe7 16. Qd2 Re8 17. Bf3 Bb7 18. Kh1 Rbd8 19. Ne2 Nxf3 20. Rxf3 a5 21. Qc2 Nd4 22. Nxd4 cxd4 23. Bd2 Rc8 24. Rff1 Bc6 25. Qd1 f5 26. Re1 fxe4 27. dxe4 Qh4 28. Qf3 Bxa4 29. g3 Qh3 30. Qd3 Bc6 31. Kg1 Bb7 32. Re2 Rc5 33. Rf1 Rf8 34. Rf3 e5 35. Rg2 Qd7 36. Rgf2 Rcc8 37. Kg2 Qe6 38. h3 exf4 39. Re2 fxg3 40. Rxf8+ Rxf8 41. Be1 Be5 42. Bxg3 Qf6 43. Rf2 Qg5 44. Rxf8+ Kxf8 45. Qf3+ Kg7 46. Kh2 Qxg3+ 47. Qxg3 Bxg3+ 48. Kxg3 Bxe4 49. Kf2 Bb1 0-1

[Event "Barcelona Sant Marti op 7th"]
[Site "Barcelona"]
[Date "2018.02.22"]
[Round "7"]
[White "Febrero Perez, Lluis"]
[Black "Ferrer Ache, Jesus"]
[Result "1-0"]
[WhiteElo "1479"]
[BlackElo "1505"]
[PlyCount "57"]
[EventDate "2018.01.11"]
[EventType "swiss"]
[EventRounds "9"]
[EventCountry "ESP"]
[SourceTitle "EXT 2019"]
[Source "ChessBase"]
[SourceDate "2018.10.10"]
[SourceVersion "1"]
[SourceVersionDate "2018.10.10"]
[SourceQuality "1"]

1. e4 e5 2. Nf3 d6 3. Nc3 c6 4. b3 Bg4 5. Be2 Be7 6. Bb2 Nd7 7. h3 Be6 8. d4 exd4 9. Nxd4 Ngf6 10. Nxe6 fxe6 11. 0-0 Nb6 12. Bh5+ g6 13. Bg4 Qd7 14. Ne2 Rf8 15. Nf4 Nxg4 16. Qxg4 e5 17. Ne6 Rf7 18. Rad1 Qc8 19. f4 Nd7 20. f5 Nf6 21. Qf3 Nh5 22. Qe3 Ng7 23. Nxg7+ Rxg7 24. f6 Rf7 25. fxe7 Qe6 26. Rxf7 Kxf7 27. Qg5 Qxe7 28. Rf1+ Kg8 29. Qxe7 1-0

[Event "Barcelona Sant Marti op-B 5th"]
[Site "Barcelona"]
[Date "2016.01.14"]
[Round "1"]
[White "Permanyer Ugartemendia, Inaki"]
[Black "Ferrer Ache, Jesus"]
[Result "1-0"]
[WhiteElo "1598"]
[BlackElo "1538"]
[PlyCount "101"]
[EventDate "2016.01.14"]
[EventType "swiss"]
[EventRounds "9"]
[EventCountry "ESP"]
[SourceTitle "EXT 2017"]
[Source "ChessBase"]
[SourceDate "2016.10.25"]
[SourceVersion "1"]
[SourceVersionDate "2016.10.25"]
[SourceQuality "1"]

1. d4 d5 2. c4 e6 3. Nc3 a6 4. Nf3 dxc4 5. e4 b5 6. a4 b4 7. Na2 Bb7 8. e5 Bd5 9. Bd2 a5 10. Be3 c6 11. Qc1 Be7 12. Bxc4 h6 13. 0-0 Ra7 14. Qc2 Rc7 15. Nc1 Ra7 16. Nd3 h5 17. Bxd5 cxd5 18. Rac1 Nh6 19. Bxh6 Rxh6 20. Qc8 h4 21. Rc2 Nd7 22. Rfc1 Nb6 23. Qc6+ Kf8 24. b3 Kg8 25. Qb5 g5 26. Rc6 Rb7 27. Qxa5 g4 28. Nd2 Kg7 29. Qb5 Rb8 30. Qa6 Rh8 31. Rc7 Bg5 32. R7c2 Bh6 33. Nxb4 Ra8 34. Qd3 Rc8 35. Rxc8 Nxc8 36. Rc2 Ne7 37. Nc6 Nxc6 38. Rxc6 Qa5 39. Nf1 Qb4 40. Qc3 Rb8 41. Qxb4 Rxb4 42. Rc3 Bg5 43. Rd3 Bc1 44. Ne3 Bb2 45. Nc2 Kg6 46. Nxb4 Kf5 47. Nc2 f6 48. exf6 Kxf6 49. f3 g3 50. hxg3 hxg3 51. a5 1-0

[Event "Barcelona Sant Marti op-B 17th"]
[Site "Barcelona"]
[Date "2015.07.14"]
[Round "2"]
[White "Munoz Jordan, Carlos"]
[Black "Ferrer Ache, Jesus"]
[Result "0-1"]
[WhiteElo "1889"]
[BlackElo "1723"]
[PlyCount "62"]
[EventDate "2015.07.13"]
[EventType "swiss"]
[EventRounds "9"]
[EventCountry "ESP"]
[SourceTitle "EXT 2016"]
[Source "ChessBase"]
[SourceDate "2015.10.08"]
[SourceVersion "1"]
[SourceVersionDate "2015.10.08"]
[SourceQuality "1"]

1. e4 e5 2. Nf3 Nc6 3. Bb5 d6 4. Bxc6+ bxc6 5. 0-0 Bg4 6. d3 Qd7 7. Be3 c5 8. Nbd2 Be7 9. Re1 a5 10. c3 Nf6 11. h3 Be6 12. Ng5 h6 13. Nxe6 fxe6 14. Qf3 0-0 15. Rad1 Qe8 16. Qg3 Kh7 17. f3 Nh5 18. Qh2 Bh4 19. Bf2 Bxf2+ 20. Kxf2 Nf4 21. Nf1 Qb5 22. c4 Qxb2+ 23. Rd2 Qd4+ 24. Re3 Rab8 25. g3 Rb2 26. gxf4 Rxd2+ 27. Nxd2 exf4 28. Nf1 fxe3+ 29. Nxe3 Qb2+ 30. Kg3 Qxh2+ 31. Kxh2 Rxf3 0-1

[Event "Barcelona Sant Marti op-B 16th"]
[Site "Barcelona"]
[Date "2014.07.18"]
[Round "6"]
[White "Ferrer Ache, Jesus"]
[Black "Fungueirino Pique, Daniel"]
[Result "0-1"]
[WhiteElo "1728"]
[BlackElo "1864"]
[PlyCount "90"]
[EventDate "2014.07.13"]
[EventType "swiss"]
[EventRounds "9"]
[EventCountry "ESP"]
[SourceTitle "CBM 161 Extra"]
[Source "ChessBase"]
[SourceDate "2014.08.29"]
[SourceVersion "1"]
[SourceVersionDate "2014.08.29"]
[SourceQuality "1"]

1. c4 e5 2. e4 Nf6 3. Nc3 Nc6 4. d3 Bc5 5. Be2 a6 6. Nf3 d6 7. Bg5 Be6 8. 0-0 h6 9. Be3 Bxe3 10. fxe3 Qd7 11. h3 g5 12. Nh2 Nh7 13. Bh5 0-0-0 14. Ng4 Rdf8 15. Nf6 Nxf6 16. Rxf6 Nd8 17. g4 Qc6 18. Qf1 Qb6 19. Qe2 Qa7 20. Raf1 Qb6 21. Kg2 Kb8 22. b3 Qa5 23. Nd5 c6 24. b4 Qa3 25. Ne7 Re8 26. Nf5 Bxf5 27. R6xf5 Re7 28. b5 a5 29. bxc6 Nxc6 30. Rxf7 Rc8 31. Rxe7 Nxe7 32. Rf7 Nc6 33. Bg6 Nb4 34. Rf2 Nxd3 35. Rf3 Rxc4 36. Kg3 Rc3 37. h4 Nc1 38. Qf2 Nxa2 39. hxg5 hxg5 40. Bf7 Nb4 41. Qe2 Qc1 42. Be6 Qg1+ 43. Qg2 Qe1+ 44. Qf2 Qh1 45. Qg2 Qh4# 0-1

[Event "Barcelona Sant Marti op-B 16th"]
[Site "Barcelona"]
[Date "2014.07.15"]
[Round "3"]
[White "Zia, Tahsin Tajwar"]
[Black "Ferrer Ache, Jesus"]
[Result "1-0"]
[WhiteElo "1258"]
[BlackElo "1728"]
[PlyCount "82"]
[EventDate "2014.07.13"]
[EventType "swiss"]
[EventRounds "9"]
[EventCountry "ESP"]
[SourceTitle "CBM 161 Extra"]
[Source "ChessBase"]
[SourceDate "2014.08.29"]
[SourceVersion "1"]
[SourceVersionDate "2014.08.29"]
[SourceQuality "1"]

1. d4 d5 2. e3 a6 3. Bd3 Nf6 4. f4 Bg4 5. Nf3 h6 6. Nbd2 e6 7. c3 c6 8. Qc2 Qc8 9. h3 Bxf3 10. Nxf3 c5 11. Ne5 Ne4 12. Bxe4 dxe4 13. Qxe4 cxd4 14. exd4 Be7 15. 0-0 Nc6 16. Qf3 Bf6 17. Nc4 Qc7 18. f5 b5 19. Ne3 Rd8 20. fxe6 fxe6 21. Qe4 Qd7 22. Ng4 Ke7 23. Qg6 Rdf8 24. Nxf6 gxf6 25. Bxh6 Rhg8 26. Qh7+ Kd8 27. Qxd7+ Kxd7 28. Bxf8 f5 29. Bh6 Ne7 30. a4 b4 31. cxb4 Rb8 32. Bg5 Nd5 33. h4 Nxb4 34. Bf4 Rh8 35. g3 Nd5 36. Be5 Rg8 37. Rab1 Ne3 38. Rfc1 Ng4 39. Rc7+ Kd8 40. Ra7 Nxe5 41. Ra8+ Kd7 1-0

[Event "Barcelona Sant Marti op-B 16th"]
[Site "Barcelona"]
[Date "2014.07.13"]
[Round "1"]
[White "Pallares Gurrea, Aitor Alexander"]
[Black "Ferrer Ache, Jesus"]
[Result "1-0"]
[WhiteElo "1956"]
[BlackElo "1728"]
[PlyCount "69"]
[EventDate "2014.07.13"]
[EventType "swiss"]
[EventRounds "9"]
[EventCountry "ESP"]
[SourceTitle "CBM 161 Extra"]
[Source "ChessBase"]
[SourceDate "2014.08.29"]
[SourceVersion "1"]
[SourceVersionDate "2014.08.29"]
[SourceQuality "1"]

1. d4 d5 2. e3 a6 3. Bd3 Nf6 4. f4 b5 5. Nf3 Nc6 6. c3 Bg4 7. 0-0 h6 8. Nbd2 e6 9. Qe1 Be7 10. Ne5 Qd6 11. Qg3 Rg8 12. Nxg4 Nxg4 13. Qxg4 Bf6 14. e4 dxe4 15. Nxe4 Qe7 16. Qf3 Rb8 17. Nxf6+ gxf6 18. Qxc6+ Qd7 19. Qxd7+ Kxd7 20. a4 f5 21. axb5 axb5 22. Be3 Rb7 23. Ra5 c6 24. Rfa1 Kc7 25. d5 exd5 26. Ra7 Rgb8 27. Rxb7+ Rxb7 28. Ra7 Rxa7 29. Bxa7 h5 30. Bxf5 Kd6 31. Kf2 c5 32. g4 hxg4 33. Bxg4 b4 34. h4 bxc3 35. bxc3 1-0

[Event "Foment Martinenc op-C 16th"]
[Site "Barcelona"]
[Date "2014.06.21"]
[Round "9"]
[White "Ferrer Ache, Jesus"]
[Black "Garcia Extremera, Manuel"]
[Result "1-0"]
[WhiteElo "1700"]
[BlackElo "1771"]
[PlyCount "89"]
[EventDate "2014.04.26"]
[EventType "swiss"]
[EventRounds "9"]
[EventCountry "ESP"]
[SourceTitle "EXT 2015"]
[Source "ChessBase"]
[SourceDate "2014.11.20"]
[SourceVersion "1"]
[SourceVersionDate "2014.11.20"]
[SourceQuality "1"]

1. c4 e5 2. e4 Nf6 3. Nc3 c6 4. d4 Qc7 5. d5 a6 6. Bg5 Be7 7. Qd3 d6 8. Be2 h6 9. Bh4 0-0 10. Nf3 b5 11. Bxf6 Bxf6 12. dxc6 bxc4 13. Qxc4 Be6 14. Nd5 Bxd5 15. exd5 Re8 16. Qe4 Qa5+ 17. b4 Qc7 18. 0-0 a5 19. b5 a4 20. a3 g6 21. Bd3 Qc8 22. Rab1 Bd8 23. Qc4 Bb6 24. Bc2 f5 25. Nh4 Kg7 26. Kh1 e4 27. Qc3+ Re5 28. Qg3 g5 29. f4 exf3 30. Nxf3 f4 31. Qh3 Qxh3 32. gxh3 Rxd5 33. Rfd1 Rxd1+ 34. Rxd1 Bc5 35. Rd3 Ra7 36. Nd4 Kf6 37. Kg2 Ke5 38. Nf3+ Ke6 39. Nd2 d5 40. Bd1 Ke5 41. Bf3 d4 42. Nc4+ Kf6 43. b6 Bxb6 44. Nxb6 Rc7 45. Nd5+ 1-0

[Event "Foment Martinenc op-C 16th"]
[Site "Barcelona"]
[Date "2014.06.14"]
[Round "8"]
[White "Martinez Lopez, Ramon"]
[Black "Ferrer Ache, Jesus"]
[Result "0-1"]
[WhiteElo "1794"]
[BlackElo "1700"]
[PlyCount "62"]
[EventDate "2014.04.26"]
[EventType "swiss"]
[EventRounds "9"]
[EventCountry "ESP"]
[SourceTitle "EXT 2015"]
[Source "ChessBase"]
[SourceDate "2014.11.20"]
[SourceVersion "1"]
[SourceVersionDate "2014.11.20"]
[SourceQuality "1"]

1. e4 e5 2. Nf3 d6 3. Bc4 Bg4 4. h3 Bh5 5. Nc3 c6 6. d3 h6 7. Be3 g5 8. d4 Nd7 9. 0-0 Qf6 10. d5 Bxf3 11. gxf3 Ne7 12. Qe2 Ng6 13. dxc6 bxc6 14. Rfd1 Nh4 15. Rd2 Nxf3+ 16. Kf1 Nxd2+ 17. Qxd2 Qf3 18. Ke1 Qxh3 19. Ke2 Qg4+ 20. Ke1 Qh3 21. Qd3 Be7 22. Bxf7+ Kxf7 23. Qc4+ Ke8 24. Qxc6 Rd8 25. Nd5 Rf8 26. Nc7+ Kf7 27. Qd5+ Kg7 28. Ne6+ Kh7 29. Nxf8+ Rxf8 30. Qe6 Qf3 31. Qxe7+ Rf7 0-1